=LDR 00000nam 2200000 4500 =001 INLIS000000000047792 =005 20160217082330.0 =006 =007 =008 =035 ##$$0010-021600000000180 =040 ##$$a NPBDMAT =082 ##$$a 658.5 =090 ##$$a 658.5 $b Elw m =100 ##$$a Elwood S. Buffa =245 ##$$a Manajemen Operasi/ Produksi Modern/ Elwood S. Buffa, Rakesh K. Sarin; Penerjemah Agus Maulana .-- ed.8 =260 ##$$a Jakarta :$b Binarpa Aksara, $c 1996 =300 ##$$a xii, 576 hlm $c 23 cm =650 ##$$a Manajemen Produksi =700 ##$$a Rakesh K. Sarin =700 ##$$a Agus Maulana